01883naa a2200289 a 450000100080000000500110000800800410001910000170006024501250007726000090020252010520021165300190126365300150128265300260129765300170132370000210134070000170136170000190137870000180139770000210141570000170143670000140145370000180146770000140148570000150149977300790151410543992011-08-02 2007 bl uuuu u00u1 u #d1 aYOKOYAMA, S. aSCS 115 CLbprimeira cultivar de arroz irrigado para uso no sistema Clearfield de producao de arroz para Santa Catarina. c2007 aSanta Catarina se destaca no cenario nacional como o primeiro estado em produtividade e o segundo em volume de producao de arroz (Sintese anual 2005) esta situacao foi alcancada com a participacao, dentre outras tecnologias, das novas cultivares de arroz irrigado lancadas no mercado pela Empasc - ate a decada de 90 e pela Epagri desde entao. Estas cultivares promoveram um aumento da produtividade em funcao de seu elevado potencial produtivo e da qualidade industrial. Apesar desta situacao de destaque da orizicultura catarinense, persistem ainda graves problemas que deprimem a producao e a qualidade do produto final, especialmente relacionados a ocorrencia de plantas daninhas de dificil controle, seja por metodos culturais, seja por metodos quimicos. Assim, dentre elas, o arroz-vermelho ainda e a principal planta daninha da lavoura de arroz irrigado. O lancamento da cultivar SCS 115 CL representa um marco na historia da orizicultura catarinense pela possibilidade de controle quimico do arrox-vermelho em lavoura de arroz irrigado. aArroz irrigado aClesrfield aMelhoramento genetico aOryza sativa1 aSCHIOCHET, M. A.1 aBACHA, R. E.1 aMARSCHALEK, R.1 aNOLDIN, J. A.1 aEBERHARDT, D. S.1 aMOREL, D. A.1 aMIURA, L.1 aKNOBLAUCH, R.1 aISHIY, T.1 aVIEIRA, J. tAgropecuaria Catarinense, Florianopolisgv. 20, n. 2, p. 81-85, jul. 2007.